The Nicaraguan Revolution
Estudia el conflicto en Nicaragua Referente a los antecedentes y caída del somocismo y al carácter político de la revolución sandinista - Hace un esbozo histórico de las luchas antiimperialistas, sobre todo desde Sandino. Define las características del régimen de Somoza y su derrumbe en 1979. Enfoca...
Guardado en:
| Hovedforfatter: | |
|---|---|
| Format: | Texto |
| Udgivet: |
Stanford:
Stanford University
|
| Tags: |
Tilføj Tag
Ingen Tags, Vær først til at tagge denne postø!
|
MARC
| LEADER | 00000 a a2200000 04500 | ||
|---|---|---|---|
| 001 | 20701 | ||
| 003 | |||
| 040 | |a CRAI/IIS |c CRAI/IIS | ||
| 090 | |a 087900 | ||
| 100 | |a Fagen, Richard | ||
| 245 | |a The Nicaraguan Revolution | ||
| 260 | |a Stanford: |b Stanford University | ||
| 300 | |a 36 p. | ||
| 520 | |a Estudia el conflicto en Nicaragua Referente a los antecedentes y caída del somocismo y al carácter político de la revolución sandinista - Hace un esbozo histórico de las luchas antiimperialistas, sobre todo desde Sandino. Define las características del régimen de Somoza y su derrumbe en 1979. Enfoca el problema del poder en Nicaragua tras la victoria del Frente Sandinista de Liberación Nacional (FSLN) y señala que existe una apertura democrática. Enfatiza en algunas tareas realizadas por la junta de gobierno en el campo económico y en el de la alfabetización. Contiene un apéndice sobre la lucha ideológica en Nicaragua, con comunicados del FSLN, de Alfonso Róbelo, del Partido Social Cristiano Nicaragüense y del Obispado | ||
| 999 | |c 16794 |d 16794 | ||
